States, Provinces, ... or Regions? - Click Quiz - Statistics

General Stats
  • This quiz has been taken 37 times
  • The average score is 8 of 15
Answer Stats
Hint Answer % Correct
Mexico States
93%
Brazil States
77%
India States
73%
China Provinces
70%
Iceland Regions
63%
Spain Regions
63%
Sweden Provinces
60%
Italy Regions
50%
New Zealand Regions
47%
Turkey Provinces
43%
South Africa Provinces
40%
Argentina Provinces
40%
Sudan States
30%
Indonesia Provinces
30%
Chile Regions
23%
No matching quizzes found
Score Distribution
Percent of People with Each Score
Percentile by Number Answered
Your Score History
You have not taken this quiz